2001 Suckler Cow Premium Scheme (Record no. 66115)
[ view plain ]
| 000 -LEADER | |
|---|---|
| fixed length control field | 00751cam a2200205 4500 |
| 001 - CONTROL NUMBER | |
| control field | WB3707-33 |
| 008 - FIXED-LENGTH DATA ELEMENTS--GENERAL INFORMATION | |
| fixed length control field | 000000n2001 000 0 eng u |
| 035 ## - SYSTEM CONTROL NUMBER | |
| System control number | (Sirsi) u110923 |
| 245 ## - TITLE STATEMENT | |
| Title | 2001 Suckler Cow Premium Scheme |
| 260 ## - PUBLICATION, DISTRIBUTION, ETC. | |
| Date of publication, distribution, etc. | 2001 |
| 490 ## - SERIES STATEMENT | |
| Series statement | MAFF Press Release |
| Volume/sequential designation | (51/01) 13 February 2001, (2) |
| 520 ## - SUMMARY, ETC. | |
| Summary, etc. | Suckler cow producers in England will be able to apply to the 2001 SCPS National Reserve. Consultation is taking place on a proposal to abolish the less favoured areas and lowland quotas ring-fence areas. |
| 590 ## - LOCAL NOTE (RLIN) | |
| Local note | WB |
| 650 ## - SUBJECT ADDED ENTRY--TOPICAL TERM | |
| Topical term or geographic name entry element | SUCKLER COW PREMIUM SCHEME |
| 650 ## - SUBJECT ADDED ENTRY--TOPICAL TERM | |
| Topical term or geographic name entry element | SUCKLER COW PRODUCERS |
| 650 ## - SUBJECT ADDED ENTRY--TOPICAL TERM | |
| Topical term or geographic name entry element | FARMING SUBSIDIES |
| 650 ## - SUBJECT ADDED ENTRY--TOPICAL TERM | |
| Topical term or geographic name entry element | LIVESTOCK FARMING |
| 690 ## - LOCAL SUBJECT ADDED ENTRY--TOPICAL TERM (OCLC, RLIN) | |
| Topical term or geographic name as entry element | RURAL-AGRICULTURE AND FORESTRY |
| 942 ## - ADDED ENTRY ELEMENTS (KOHA) | |
| Suppress in OPAC | 0 |
| Withdrawn status | Lost status | Source of classification or shelving scheme | Damaged status | Not for loan | Home library | Current library | Shelving location | Date acquired | Total Checkouts | Full call number | Barcode | Date last seen | Copy number | Price effective from | Koha item type |
|---|---|---|---|---|---|---|---|---|---|---|---|---|---|---|---|
| Dewey Decimal Classification | London | London | News article | 14/02/2001 | WB3707-33 | 110923-1001 | 06/08/2019 | 1 | 06/08/2019 | News article |